000 00700nam a2200265Ia 4500
005 20260302115347.0
008 008 260114s9999 xx 000 0 eng d
020 _a9798216993681
037 _aTextbook
040 _aCRL
040 _beng
040 _cCRL
041 _2eng
041 _aeng
084 _qCRL
100 _aPatricia Raub
_91121401
245 0 _aYesterday's Stories Popular Women's Novels of the Twenties and Thirties
260 _bBloomsbury
260 _bPraeger
260 _c1994
650 _aLiterary Studies
856 _uhttps://doi.org/10.5040/9798216993681?locatt=label:secondary_bloomsburyCollections
942 _cEBOOK
999 _c1685932
_d1685932